000
00262nam a22001097a 4500
082
_a
741.642
100
_a
Joshi,Amraendra
_9
79891
245
_a
Moral Tales From Bhagwat
260
_a
Delhi
_b
Adhunik Shabd Shilpi
_c
2016
650
_a
children book
942
_c
BK
999
_c
68424
_d
68424